Missing Word: Counting Movies Quiz Stats

 Plays Quiz Updated Sep 4, 2014

Support Sporcle.
Go Orange.
Score 0/13 Timer 02:00
0 Plays Today
Movie Title Missing Word % Correct
Four ________ and a FuneralWeddings
91.1%
One Flew Over the ________ NestCuckoo's
88.5%
Lord of the Rings: The Two ______Towers
86%
The _____ Nine YardsWhole
85.2%
Zero ____ ThirtyDark
82.8%
Six _______ of SeparationDegrees
82.8%
Seven ______ for Seven BrothersBrides
72.9%
The Ten _____Commandments
72.3%
The Next Three ____Days
62.3%
Five Easy ______Pieces
52.6%
Eight _____ NightsCrazy
48.7%
Twelve O'Clock ____High
45.8%
The Fog of ___:
Eleven Lessons from the Life of Robert S. McNamara
War
32.8%

Today's Daily Dose

You're not logged in!

Compare scores with friends on all Sporcle quizzes.
OR
Log In

From the Vault

Harry Potter Screenshot Match: Order of the Phoenix

by Quiztopia

Is a phoenix really just a flaming chicken?
Remove Ads.
Support Sporcle.
Get the best of Sporcle when you Go Orange. This ad-free experience offers more features, more stats, and more fun while also helping to support Sporcle. Thank you for becoming a member.

Show Comments

Extras

Top Quizzes Today


Score Distribution

Your Account Isn't Verified!

In order to create a playlist on Sporcle, you need to verify the email address you used during registration. Go to your Sporcle Settings to finish the process.

Report this User

Report this user for behavior that violates our Community Guidelines.

Details: